[Event "Uljanovsk Povolje op"]
[Site "Uljanovsk"]
[Date "2014.08.29"]
[Round "6"]
[White "Peruhin, Anatoliy"]
[Black "Simonov, Vladimir"]
[Result "1-0"]
[WhiteElo "1695"]
[BlackElo "2194"]
[PlyCount "141"]
[EventDate "2014.08.26"]
[EventType "swiss"]
[EventRounds "9"]
[EventCountry "RUS"]
[SourceTitle "CBM 162 Extra"]
[Source "ChessBase"]
[SourceDate "2014.10.17"]
[SourceVersion "1"]
[SourceVersionDate "2014.10.17"]
[SourceQuality "1"]

1. Nf3 d5 2. d4 Bf5 3. Bg5 h6 4. Bh4 Nc6 5. c3 Nf6 6. Bxf6 gxf6 7. e3 e5 8. Qb3 Na5 9. Qb5+ c6 10. Qe2 b5 11. Nbd2 e4 12. Nh4 Be6 13. Qd1 Qd7 14. b4 Nb7 15. a4 Nd6 16. Nb3 Nc4 17. Nc5 Bxc5 18. dxc5 Nb2 19. Qd4 Nxa4 20. Qxf6 Rh7 21. g3 Qe7 22. Qd4 0-0-0 23. Be2 f5 24. Bd1 Nb2 25. Bc2 Qg7 26. Ng2 Qxd4 27. cxd4 Kb7 28. Nf4 Bf7 29. Ke2 h5 30. Ra2 Nc4 31. h4 Ra8 32. Rha1 Rg7 33. Bd1 Rh7 34. Ra6 Nb2 35. Bc2 Na4 36. Ra5 Nb2 37. Bb3 a6 38. Nh3 Nd3 39. f3 Nxb4 40. Ng5 Rg7 41. fxe4 fxe4 42. Rf1 Be8 43. Rf6 Bd7 44. Kd2 Rgg8 45. Bd1 Raf8 46. Rf4 Nd3 47. Bxh5 Nxf4 48. exf4 Bc8 49. Ke3 Kc7 50. Be2 Kb7 51. g4 Kc7 52. f5 Kd8 53. Kf4 Ke7 54. Nh3 Rh8 55. Kg3 Rfg8 56. Nf2 Kf6 57. Nd1 Rh7 58. Ne3 Ra7 59. Kf4 b4 60. g5+ Kg7 61. Ng4 b3 62. Bd1 b2 63. Bc2 Rh8 64. f6+ Kg8 65. Nh6+ Rxh6 66. gxh6 Kh7 67. Kg5 Be6 68. Ra3 Ra8 69. Rb3 Rg8+ 70. Kf4 Rg4+ 71. Ke5 1-0

[Event "Uljanovsk Povolje op"]
[Site "Uljanovsk"]
[Date "2014.08.28"]
[Round "5"]
[White "Simonov, Vladimir"]
[Black "Kolosov, Anatoly G"]
[Result "0-1"]
[WhiteElo "2194"]
[BlackElo "1900"]
[PlyCount "96"]
[EventDate "2014.08.26"]
[EventType "swiss"]
[EventRounds "9"]
[EventCountry "RUS"]
[SourceTitle "CBM 162 Extra"]
[Source "ChessBase"]
[SourceDate "2014.10.17"]
[SourceVersion "1"]
[SourceVersionDate "2014.10.17"]
[SourceQuality "1"]

1. e4 Nf6 2. Nc3 e5 3. Nf3 Nc6 4. d3 d6 5. Bg5 Be7 6. h3 0-0 7. Qd2 h6 8. Be3 d5 9. exd5 Nxd5 10. a3 f5 11. Nxd5 Qxd5 12. c4 Qd8 13. Qc2 f4 14. Bd2 Bf5 15. Qb3 Rb8 16. Bb4 e4 17. dxe4 Bxe4 18. Bxe7 Qxe7 19. 0-0-0 Qc5 20. Nd2 Bg6 21. f3 b5 22. Bd3 Na5 23. Qb4 Qxb4 24. axb4 Bxd3 25. bxa5 bxc4 26. Ne4 Rf5 27. Nf2 Rxa5 28. Nxd3 cxd3 29. Kb1 Rd5 30. Rd2 c5 31. Rc1 Rb4 32. Rc3 c4 33. Ra3 a5 34. Kc1 Kf7 35. Ra2 Kf6 36. Rd1 a4 37. Kd2 Rdb5 38. Kc3 Ke5 39. Re1+ Kd5 40. Re7 Rb3+ 41. Kd2 Rxb2+ 42. Rxb2 Rxb2+ 43. Kc3 Rc2+ 44. Kb4 Kd6 45. Re4 d2 46. Rd4+ Kc6 47. Kxa4 c3 48. Kb4 Rc1 0-1

[Event "Uljanovsk Povolje op"]
[Site "Uljanovsk"]
[Date "2014.08.27"]
[Round "2"]
[White "Simonov, Vladimir"]
[Black "Dobrocmyslov, Artem"]
[Result "1/2-1/2"]
[WhiteElo "2194"]
[BlackElo "1983"]
[PlyCount "116"]
[EventDate "2014.08.26"]
[EventType "swiss"]
[EventRounds "9"]
[EventCountry "RUS"]
[SourceTitle "CBM 162 Extra"]
[Source "ChessBase"]
[SourceDate "2014.10.17"]
[SourceVersion "1"]
[SourceVersionDate "2014.10.17"]
[SourceQuality "1"]

1. f4 d5 2. d4 g6 3. Nf3 Bg7 4. e3 Nf6 5. h3 Ne4 6. Qd3 Ng3 7. Rg1 0-0 8. Nc3 c6 9. Kf2 Ne4+ 10. Ke1 Ng3 11. Ne2 Ne4 12. Nd2 Nd6 13. Ng3 Nd7 14. Be2 Nf6 15. Bf3 a5 16. b3 b6 17. c3 Ba6 18. Qc2 Rc8 19. Be2 Bxe2 20. Kxe2 c5 21. Qd3 cxd4 22. cxd4 Qd7 23. Bb2 Rc7 24. Rgc1 Rfc8 25. Rxc7 Rxc7 26. Rc1 Rxc1 27. Bxc1 Qc6 28. Bb2 b5 29. Qc3 Qxc3 30. Bxc3 b4 31. Bb2 Nb5 32. Kd3 Kf8 33. Nf3 Nd7 34. Kc2 Ke8 35. Ne2 h6 36. Nc1 Kd8 37. Nd3 Kc7 38. g4 Kc6 39. Nf2 Nd6 40. Kd3 Kb5 41. a4+ bxa3 42. Bxa3 Nc8 43. h4 a4 44. bxa4+ Kxa4 45. Bc1 Na7 46. e4 Nc6 47. Bd2 Nb6 48. e5 e6 49. Nd1 Nc4 50. Nc3+ Kb3 51. Nb5 Bf8 52. h5 gxh5 53. gxh5 Nb2+ 54. Ke2 Nc4 55. Be1 Kc2 56. Nh4 N4a5 57. Bxa5 Nxa5 58. f5 Nc6 1/2-1/2

[Event "Uljanovsk Student op"]
[Site "Uljanovsk"]
[Date "2014.04.06"]
[Round "8"]
[White "Abdurahmanov, Afer"]
[Black "Simonov, Vladimir"]
[Result "1/2-1/2"]
[WhiteElo "1664"]
[BlackElo "2197"]
[PlyCount "132"]
[EventDate "2014.03.22"]
[EventType "swiss"]
[EventRounds "9"]
[EventCountry "RUS"]
[SourceTitle "EXT 2016"]
[Source "ChessBase"]
[SourceDate "2015.10.08"]
[SourceVersion "1"]
[SourceVersionDate "2015.10.08"]
[SourceQuality "1"]

1. g3 e6 2. Bg2 d5 3. c4 Nf6 4. cxd5 Nxd5 5. Qb3 c6 6. Nc3 Nd7 7. Nf3 Nc5 8. Qc2 Nb4 9. Qd1 Ncd3+ 10. exd3 Qxd3 11. Qe2 Nc2+ 12. Kd1 Qxe2+ 13. Nxe2 Nxa1 14. b3 a5 15. Bb2 a4 16. bxa4 Rxa4 17. Bxa1 Rxa2 18. Bc3 f6 19. Nc1 Ra6 20. Re1 Kf7 21. Bf1 b5 22. Nd3 e5 23. Ng1 Bd6 24. Bg2 Bf5 25. Nc1 Rd8 26. Be4 Bxe4 27. Rxe4 f5 28. Rh4 h6 29. Nf3 Re8 30. g4 f4 31. g5 Kg6 32. gxh6 gxh6 33. Rg4+ Kh7 34. Nh4 b4 35. Bb2 Rg8 36. Rxg8 Kxg8 37. Nf5 Bc7 38. Nxh6+ Kg7 39. Ng4 Kg6 40. Nxe5+ Bxe5 41. Bxe5 Kf5 42. Bd6 Rb6 43. Kc2 Rb7 44. Kb3 Rh7 45. Kxb4 Rxh2 46. Bc5 Ke4 47. Kc4 f3 48. Nb3 Rh1 49. d3+ Ke5 50. Be3 Kd6 51. Nd4 Rh4 52. Kc3 Rh3 53. Kd2 Kd5 54. Nf5 Rh1 55. Bf4 Rh5 56. Ng3 Rh7 57. Be3 Rb7 58. Nf5 Rb2+ 59. Kc3 Ra2 60. Nh4 Ra3+ 61. Kd2 Ra2+ 62. Kd1 Ra1+ 63. Bc1 Kd4 64. Kc2 Ra2+ 65. Bb2+ Rxb2+ 66. Kxb2 Kxd3 1/2-1/2

[Event "Uljanovsk Student op"]
[Site "Uljanovsk"]
[Date "2014.03.29"]
[Round "4"]
[White "Simonov, Vladimir"]
[Black "Frolova, Marina"]
[Result "1/2-1/2"]
[WhiteElo "2197"]
[BlackElo "1613"]
[PlyCount "110"]
[EventDate "2014.03.22"]
[EventType "swiss"]
[EventRounds "9"]
[EventCountry "RUS"]
[SourceTitle "EXT 2016"]
[Source "ChessBase"]
[SourceDate "2015.10.08"]
[SourceVersion "1"]
[SourceVersionDate "2015.10.08"]
[SourceQuality "1"]

1. f4 d5 2. d4 g6 3. Nf3 Bg7 4. Nc3 Nf6 5. e3 0-0 6. Be2 Nc6 7. 0-0 Bf5 8. a3 Rc8 9. Nh4 Bd7 10. g4 e6 11. g5 Ne8 12. Bd2 Nd6 13. Qe1 Ne7 14. Bd3 Nef5 15. Nxf5 Nxf5 16. Bxf5 exf5 17. Rf3 Bc6 18. Rh3 f6 19. Qh4 Kf7 20. gxf6 Qxf6 21. Qxf6+ Kxf6 22. Rxh7 Rh8 23. Rxh8 Rxh8 24. b4 b6 25. b5 Bb7 26. a4 Ke6 27. a5 c5 28. bxc6 Bxc6 29. axb6 axb6 30. Ra7 Bf6 31. Na4 Bxa4 32. Rxa4 Rc8 33. c3 Bd8 34. Kf2 Kd6 35. Ke2 Kc6 36. Ra1 b5 37. Rg1 Bf6 38. Rxg6 Rf8 39. h4 Kd7 40. h5 Ke7 41. Rg2 Rh8 42. Rh2 Kf7 43. Bc1 Rc8 44. Kd3 Kg7 45. Ba3 Kh6 46. Bd6 Rc6 47. Be5 Bd8 48. Bb8 Ba5 49. Rc2 Kxh5 50. Ba7 b4 51. cxb4 Rxc2 52. Kxc2 Bxb4 53. Bc5 Ba5 54. Ba3 Kg4 55. Bc1 Kf3 1/2-1/2

[Event "Uljanovsk Student op"]
[Site "Uljanovsk"]
[Date "2014.03.23"]
[Round "3"]
[White "Simonov, Vladimir"]
[Black "Andreev, Alexander"]
[Result "0-1"]
[WhiteElo "2197"]
[BlackElo "1869"]
[PlyCount "72"]
[EventDate "2014.03.22"]
[EventType "swiss"]
[EventRounds "9"]
[EventCountry "RUS"]
[SourceTitle "EXT 2016"]
[Source "ChessBase"]
[SourceDate "2015.10.08"]
[SourceVersion "1"]
[SourceVersionDate "2015.10.08"]
[SourceQuality "1"]

1. e4 e6 2. Nf3 b6 3. d3 Bb7 4. b3 Qf6 5. c3 Qd8 6. Be2 Ne7 7. Bg5 h6 8. Bf4 d6 9. 0-0 Nd7 10. Nbd2 d5 11. e5 Ng6 12. Bg3 c5 13. d4 Be7 14. Bd3 0-0 15. Bxg6 fxg6 16. Qc2 Rf5 17. h3 Rc8 18. Bh2 Qf8 19. Qd1 Bg5 20. Nxg5 Rxg5 21. Nf3 Rh5 22. Qd3 g5 23. Qg6 Qf7 24. Qxf7+ Kxf7 25. g4 Rxh3 26. Kg2 Rxf3 27. Kxf3 cxd4 28. cxd4 Kg6 29. Rac1 Rf8+ 30. Kg2 Ba6 31. Rfe1 Bd3 32. Re3 Ba6 33. Rc7 Nb8 34. Rec3 h5 35. Rf3 Bf1+ 36. Kg3 h4# 0-1

[Event "Kostroma Volga Cup op"]
[Site "Kostroma"]
[Date "2010.07.??"]
[Round "3"]
[White "Simonov, Vladimir"]
[Black "Ufimtsev, Egor"]
[Result "1-0"]
[WhiteElo "2255"]
[BlackElo "1802"]
[PlyCount "125"]
[EventDate "2010.07.??"]
[EventType "swiss"]
[EventRounds "9"]
[EventCountry "RUS"]
[SourceTitle "EXT 2011"]
[Source "ChessBase"]
[SourceDate "2010.11.26"]
[SourceVersion "1"]
[SourceVersionDate "2010.11.26"]
[SourceQuality "1"]

1. c4 e6 2. Nf3 d5 3. g3 Nf6 4. Bg2 c6 5. 0-0 Be7 6. b3 0-0 7. Bb2 Nbd7 8. Nc3 b6 9. d3 Bb7 10. e4 dxe4 11. dxe4 c5 12. Qe2 Rc8 13. h3 Nb8 14. Rad1 Nfd7 15. e5 a6 16. Ne4 Bxe4 17. Qxe4 Qc7 18. h4 Rfd8 19. Ng5 Bxg5 20. hxg5 Nc6 21. Rfe1 Ndb8 22. Bf1 Rxd1 23. Rxd1 Rd8 24. Rd3 g6 25. f4 Nb4 26. Rxd8+ Qxd8 27. a3 N4c6 28. Bd3 a5 29. Bc3 Ne7 30. Kf2 Nbc6 31. Be2 Qd7 32. Bf3 Qd8 33. Ke2 Qd7 34. g4 Kf8 35. Qb1 Ke8 36. Ke3 Nd4 37. Be4 Kf8 38. Qd3 Nec6 39. b4 axb4 40. axb4 Qc7 41. Bg2 Nb3 42. Qb1 Ncd4 43. Qa2 Qd7 44. Be4 Kg7 45. Qa6 cxb4 46. Bxb4 Nc6 47. Bd6 Qa7 48. Qc8 b5+ 49. c5 Ne7 50. Qa8 Qxa8 51. Bxa8 Nc8 52. Bb7 Na7 53. Kd3 Na5 54. Ba6 b4 55. Bc7 N7c6 56. Bd6 h5 57. gxh6+ Kxh6 58. Bb5 Kg7 59. g5 Kg8 60. Ba4 Kg7 61. Bc7 Kf8 62. Bxa5 Nxa5 63. c6 1-0

[Event "Vladimir op-A"]
[Site "Vladimir"]
[Date "2009.08.28"]
[Round "9"]
[White "Simonov, Vladimir"]
[Black "Rettore, Ludwig"]
[Result "0-1"]
[WhiteElo "2231"]
[BlackElo "2171"]
[PlyCount "70"]
[EventDate "2009.08.19"]
[EventType "swiss"]
[EventRounds "9"]
[EventCountry "RUS"]
[SourceTitle "EXT 2010"]
[Source "ChessBase"]
[SourceDate "2010.11.25"]
[SourceVersion "1"]
[SourceVersionDate "2010.11.25"]
[SourceQuality "1"]

1. d4 d5 2. c4 e6 3. Nc3 Nf6 4. cxd5 exd5 5. Bg5 Be7 6. e3 0-0 7. Bd3 Nbd7 8. Qc2 c6 9. Nf3 Re8 10. 0-0 Nf8 11. Rae1 Ng6 12. Ne5 Ng4 13. Bxe7 Qxe7 14. f4 Qh4 15. h3 N4xe5 16. fxe5 Be6 17. b4 a5 18. b5 c5 19. Qf2 Qg5 20. Kh2 Nxe5 21. Bb1 cxd4 22. exd4 Nc4 23. Bd3 Nd2 24. Rg1 Rac8 25. Re5 Qh6 26. Nxd5 Bxd5 27. Rxd5 Ne4 28. Qf5 g6 29. Qf3 Nd2 30. Qf6 Qe3 31. Rd7 Rf8 32. Bb1 Rc3 33. Kh1 Nxb1 34. Rxb1 Qe4 35. Rb3 Qe1+ 0-1

[Event "Vladimir op-A"]
[Site "Vladimir"]
[Date "2009.08.27"]
[Round "8"]
[White "Petrov, Artur"]
[Black "Simonov, Vladimir"]
[Result "1-0"]
[WhiteElo "2253"]
[BlackElo "2231"]
[PlyCount "47"]
[EventDate "2009.08.19"]
[EventType "swiss"]
[EventRounds "9"]
[EventCountry "RUS"]
[SourceTitle "EXT 2010"]
[Source "ChessBase"]
[SourceDate "2010.11.25"]
[SourceVersion "1"]
[SourceVersionDate "2010.11.25"]
[SourceQuality "1"]

1. e4 c5 2. Nf3 g6 3. d4 cxd4 4. Nxd4 Nc6 5. Nc3 Bg7 6. Be3 Nf6 7. Be2 0-0 8. Nb3 a5 9. a4 Nb4 10. 0-0 d5 11. e5 Ne4 12. f4 Bf5 13. Nd4 Rc8 14. Ncb5 Nc6 15. c3 Nxd4 16. Bxd4 h5 17. Qc1 f6 18. Qe3 fxe5 19. Bxe5 Rc6 20. Rad1 Re6 21. Nd4 Qb6 22. Bf3 Bg4 23. Bxg4 hxg4 24. Bxg7 1-0

[Event "Kostroma Volga Cup op"]
[Site "Kostroma"]
[Date "2009.07.??"]
[Round "1"]
[White "Reutsky, Sergei"]
[Black "Simonov, Vladimir"]
[Result "1-0"]
[WhiteElo "2403"]
[BlackElo "2231"]
[PlyCount "109"]
[EventDate "2009.07.03"]
[EventType "swiss"]
[EventRounds "9"]
[EventCountry "RUS"]
[SourceTitle "EXT 2021"]
[Source "ChessBase"]
[SourceDate "2020.10.23"]
[SourceVersion "1"]
[SourceVersionDate "2020.10.23"]
[SourceQuality "1"]

1. e4 c5 2. Nf3 g6 3. d4 cxd4 4. Qxd4 Nf6 5. e5 Nc6 6. Qa4 Nd5 7. Qe4 Nc7 8. Nc3 Bg7 9. h4 d6 10. exd6 Qxd6 11. Bf4 Qe6 12. Qxe6 Nxe6 13. Be3 Ned4 14. Nxd4 Bxd4 15. Bxd4 Nxd4 16. 0-0-0 Nc6 17. Nd5 0-0 18. Bb5 e6 19. Bxc6 bxc6 20. Nf6+ Kg7 21. Ne4 h6 22. Nc5 Rb8 23. c4 e5 24. Rd6 Bf5 25. Rhd1 Rfc8 26. f3 h5 27. b3 Kf8 28. Re1 f6 29. Rxf6+ Ke7 30. Rxf5 gxf5 31. Rxe5+ Kd6 32. Rxf5 Rg8 33. Ne4+ Ke6 34. Rg5 Rxg5 35. hxg5 Kf5 36. g3 Rd8 37. Kc2 Rd7 38. b4 Rd8 39. a4 Rd4 40. Kc3 Rd1 41. b5 cxb5 42. axb5 Ke5 43. g6 Rd7 44. c5 Rg7 45. c6 Kd5 46. Kb4 Ke6 47. Ka5 Rxg6 48. Ka6 Rg7 49. f4 Kf5 50. Nd6+ Kg4 51. Ne8 Re7 52. Nf6+ Kxg3 53. Nxh5+ Kg4 54. Nf6+ Kf5 55. Nd5 1-0

[Event "Kostroma Volga Cup op"]
[Site "Kostroma"]
[Date "2009.07.??"]
[Round "4"]
[White "Simonov, Vladimir"]
[Black "Mandrikov, Sergey"]
[Result "1-0"]
[WhiteElo "2231"]
[BlackElo "2053"]
[PlyCount "43"]
[EventDate "2009.07.03"]
[EventType "swiss"]
[EventRounds "9"]
[EventCountry "RUS"]
[SourceTitle "EXT 2021"]
[Source "ChessBase"]
[SourceDate "2020.10.23"]
[SourceVersion "1"]
[SourceVersionDate "2020.10.23"]
[SourceQuality "1"]

1. d4 Nf6 2. c4 c5 3. d5 b5 4. cxb5 a6 5. Nc3 axb5 6. e4 b4 7. Nb5 d6 8. Bf4 Nbd7 9. Nf3 Nh5 10. Bg5 Qa5 11. Nd2 Nhf6 12. Nc4 Qd8 13. a4 Nb6 14. e5 Nxc4 15. Bxc4 dxe5 16. Qe2 h6 17. Qxe5 Qa5 18. Nd6+ Kd8 19. Nxf7+ Kd7 20. Bb5+ Qxb5 21. axb5 Rxa1+ 22. Ke2 1-0

[Event "Kostroma Volga Cup op"]
[Site "Kostroma"]
[Date "2009.07.??"]
[Round "5"]
[White "Surov, Sergey"]
[Black "Simonov, Vladimir"]
[Result "1/2-1/2"]
[WhiteElo "2323"]
[BlackElo "2231"]
[PlyCount "89"]
[EventDate "2009.07.03"]
[EventType "swiss"]
[EventRounds "9"]
[EventCountry "RUS"]
[SourceTitle "EXT 2021"]
[Source "ChessBase"]
[SourceDate "2020.10.23"]
[SourceVersion "1"]
[SourceVersionDate "2020.10.23"]
[SourceQuality "1"]

1. d4 Nf6 2. Nf3 g6 3. Bf4 Bg7 4. e3 c5 5. c3 b6 6. Be2 Bb7 7. 0-0 0-0 8. h3 d6 9. Nbd2 Nc6 10. Qc2 Qc7 11. Bh2 Rac8 12. Rad1 cxd4 13. exd4 Nd5 14. Qb1 Bh6 15. Qe4 Nd8 16. Qh4 Bg7 17. c4 Nf6 18. Bf4 Ne6 19. Bh6 Bxh6 20. Qxh6 d5 21. Ng5 Nxg5 22. Qxg5 Kg7 23. b3 Rfd8 24. Qe3 Qd6 25. Rfe1 dxc4 26. Nxc4 Qc7 27. Bf3 Bxf3 28. Qxf3 Rd5 29. Ne3 Rd6 30. Qg3 Qd7 31. Qe5 Kg8 32. Rd2 Re6 33. Qh2 Nd5 34. Kf1 Re4 35. Qg3 Qb5+ 36. Nc4 Rxe1+ 37. Kxe1 Qb4 38. a3 Qc3 39. Qxc3 Nxc3 40. a4 Nd5 41. Ke2 f6 42. g3 Kf7 43. Kd3 Ke6 44. Re2+ Kd7 45. Kd2 1/2-1/2

[Event "Kostroma Volga Cup op"]
[Site "Kostroma"]
[Date "2009.07.??"]
[Round "7"]
[White "Tsygankov, Alexander"]
[Black "Simonov, Vladimir"]
[Result "1/2-1/2"]
[WhiteElo "2024"]
[BlackElo "2231"]
[PlyCount "64"]
[EventDate "2009.07.03"]
[EventType "swiss"]
[EventRounds "9"]
[EventCountry "RUS"]
[SourceTitle "EXT 2021"]
[Source "ChessBase"]
[SourceDate "2020.10.23"]
[SourceVersion "1"]
[SourceVersionDate "2020.10.23"]
[SourceQuality "1"]

1. d4 Nf6 2. Nf3 g6 3. c4 Bg7 4. g3 0-0 5. Bg2 d5 6. cxd5 Nxd5 7. 0-0 c5 8. dxc5 Na6 9. e4 Ndb4 10. Nc3 Nxc5 11. Be3 b6 12. Bd4 Bb7 13. a3 Bxd4 14. Qxd4 Nc2 15. Qxd8 Rfxd8 16. Rac1 Nd4 17. Nxd4 Rxd4 18. Rfd1 Nb3 19. Rxd4 Nxd4 20. Rd1 e5 21. f4 f6 22. Kf2 Kf7 23. Bf1 Rc8 24. Ke3 Ke7 25. Bd3 Rc5 26. fxe5 fxe5 27. Ne2 Nxe2 28. Kxe2 Bc8 29. Kd2 Be6 30. Rc1 Rxc1 31. Kxc1 Kf6 32. Kd2 Kg5 1/2-1/2

[Event "Rybinsk op"]
[Site "Rybinsk"]
[Date "2009.06.16"]
[Round "4"]
[White "Ivanov, Sergey A"]
[Black "Simonov, Vladimir"]
[Result "1/2-1/2"]
[WhiteElo "2348"]
[BlackElo "2231"]
[PlyCount "94"]
[EventDate "2009.06.14"]
[EventType "swiss"]
[EventRounds "9"]
[EventCountry "RUS"]
[SourceTitle "CBM 131 Extra"]
[Source "ChessBase"]
[SourceDate "2009.09.03"]
[SourceVersion "2"]
[SourceVersionDate "2009.09.16"]
[SourceQuality "1"]

1. c4 Nf6 2. Nc3 d5 3. cxd5 Nxd5 4. Nf3 Nxc3 5. bxc3 g6 6. g3 Bg7 7. Bg2 0-0 8. 0-0 Nd7 9. a4 a5 10. Ba3 Nb6 11. Bc5 Bd7 12. Nd4 Rb8 13. Bxb6 cxb6 14. Rb1 Bxd4 15. cxd4 Bc6 16. e3 b5 17. axb5 Bxg2 18. Kxg2 Qb6 19. Qb3 Rfc8 20. Rfc1 Ra8 21. Rc3 h5 22. h4 Rxc3 23. dxc3 a4 24. Qa3 Qe6 25. Rb4 Qe4+ 26. Kg1 Qc2 27. c4 g5 28. hxg5 h4 29. gxh4 Qd1+ 30. Kh2 Qg4 31. f4 Kg7 32. h5 Qxh5+ 33. Kg3 Rh8 34. Qc1 Qh3+ 35. Kf2 Qh2+ 36. Kf3 a3 37. Ra4 a2 38. Ke4 Qe2 39. Kd5 Rc8 40. c5 Rd8+ 41. Ke4 Rh8 42. c6 Qxb5 43. Rxa2 bxc6 44. Rc2 Qd5+ 45. Kd3 Qf5+ 46. Kc3 Qa5+ 47. Kd3 Qf5+ 1/2-1/2

[Event "Rybinsk op"]
[Site "Rybinsk"]
[Date "2009.06.15"]
[Round "3"]
[White "Simonov, Vladimir"]
[Black "Buharin, Anton"]
[Result "1-0"]
[WhiteElo "2231"]
[BlackElo "2057"]
[PlyCount "145"]
[EventDate "2009.06.14"]
[EventType "swiss"]
[EventRounds "9"]
[EventCountry "RUS"]
[SourceTitle "CBM 131 Extra"]
[Source "ChessBase"]
[SourceDate "2009.09.03"]
[SourceVersion "2"]
[SourceVersionDate "2009.09.16"]
[SourceQuality "1"]

1. d4 d5 2. c4 c6 3. Nc3 Nf6 4. Nf3 e6 5. Qb3 Nbd7 6. Bg5 Qa5 7. Bd2 Qb6 8. c5 Qc7 9. e4 Nxe4 10. Nxe4 dxe4 11. Ng5 Nf6 12. Qe3 b6 13. b4 a5 14. bxa5 bxc5 15. Rc1 cxd4 16. Qxd4 Rxa5 17. Bc4 e3 18. Bxe3 Bb4+ 19. Ke2 Bc5 20. Qf4 Bd6 21. Qd4 Ba6 22. Rhd1 Bc5 23. Qf4 Qxf4 24. Bxf4 Rxa2+ 25. Rd2 Rxd2+ 26. Bxd2 Bxc4+ 27. Rxc4 Be7 28. Rxc6 0-0 29. Be3 Nd5 30. Ne4 Ra8 31. Nc3 Nxc3+ 32. Rxc3 Bf6 33. Rb3 g6 34. g3 Kg7 35. h4 Ra5 36. Kf3 h6 37. Rd3 g5 38. hxg5 hxg5 39. Rd6 Kg6 40. Rc6 Ra3 41. g4 Bd4 42. Ke4 Bxe3 43. fxe3 Ra1 44. Kf3 Kf6 45. Rc5 Rf1+ 46. Ke2 Rh1 47. Ra5 Rh2+ 48. Kf3 Rd2 49. Rb5 Rd5 50. Rb7 Kg6 51. Ra7 Re5 52. Ra6 f5 53. gxf5+ Kxf5 54. Ra8 g4+ 55. Kf2 Kg5 56. Rg8+ Kh4 57. Rh8+ Rh5 58. Re8 Kh3 59. Rxe6 Kh2 60. e4 Rh3 61. Rg6 g3+ 62. Kf3 g2+ 63. Kf2 Ra3 64. Rxg2+ Kh3 65. Rg1 Kh4 66. e5 Ra5 67. e6 Rf5+ 68. Ke3 Kh5 69. Ke4 Rf2 70. Ke5 Kh6 71. e7 Re2+ 72. Kf6 Kh7 73. Rg5 1-0

[Event "Rybinsk op"]
[Site "Rybinsk"]
[Date "2009.06.15"]
[Round "2"]
[White "Stebunov, Alexander A"]
[Black "Simonov, Vladimir"]
[Result "0-1"]
[WhiteElo "2006"]
[BlackElo "2231"]
[PlyCount "46"]
[EventDate "2009.06.14"]
[EventType "swiss"]
[EventRounds "9"]
[EventCountry "RUS"]
[SourceTitle "CBM 131 Extra"]
[Source "ChessBase"]
[SourceDate "2009.09.03"]
[SourceVersion "2"]
[SourceVersionDate "2009.09.16"]
[SourceQuality "1"]

1. e4 c5 2. Nc3 Nc6 3. f4 g6 4. Nf3 Bg7 5. Bc4 e6 6. 0-0 Nge7 7. Qe1 0-0 8. f5 d5 9. Bb3 c4 10. Ba4 exf5 11. d3 fxe4 12. dxe4 d4 13. Ne2 a6 14. Bxc6 Nxc6 15. Nf4 Ne5 16. Nd5 Nxf3+ 17. Rxf3 Be6 18. Nf4 Qe7 19. Bd2 a5 20. Bxa5 c3 21. b4 Qd6 22. Nd3 b6 23. e5 Qc7 0-1

[Event "Vladimir op-A"]
[Site "Vladimir"]
[Date "2008.08.15"]
[Round "4"]
[White "Andreev, Eduard"]
[Black "Simonov, Vladimir"]
[Result "1-0"]
[WhiteElo "2455"]
[BlackElo "2301"]
[PlyCount "73"]
[EventDate "2008.08.12"]
[EventType "swiss"]
[EventRounds "10"]
[EventCountry "RUS"]
[SourceTitle "CBM 126 Extra"]
[Source "ChessBase"]
[SourceDate "2008.11.05"]
[SourceVersion "1"]
[SourceVersionDate "2008.11.05"]
[SourceQuality "1"]

1. e4 c5 2. Nf3 g6 3. d4 cxd4 4. Nxd4 Bg7 5. c4 Nc6 6. Be3 Nf6 7. Nc3 0-0 8. Be2 d6 9. 0-0 Nxd4 10. Bxd4 Bd7 11. Qd2 Bc6 12. f3 a5 13. b3 Nd7 14. Be3 Nc5 15. Rab1 Qb6 16. Rfc1 Rfc8 17. Rc2 Qd8 18. Bf1 h5 19. a3 Kh7 20. b4 axb4 21. axb4 Na4 22. Nd1 b6 23. Nf2 Qe8 24. f4 Qh8 25. Rb3 Bd7 26. f5 Be5 27. Nd3 Bd4 28. Nf4 Bxe3+ 29. Rxe3 Qe5 30. Rg3 Be8 31. Rg5 Qa1 32. Rg3 b5 33. Nxh5 Rxc4 34. Rxc4 bxc4 35. Rh3 Kg8 36. fxg6 fxg6 37. Qd5+ 1-0

[Event "Vladimir op-A"]
[Site "Vladimir"]
[Date "2008.08.13"]
[Round "2"]
[White "Matinian, Nikita"]
[Black "Simonov, Vladimir"]
[Result "1-0"]
[WhiteElo "2291"]
[BlackElo "2301"]
[PlyCount "81"]
[EventDate "2008.08.12"]
[EventType "swiss"]
[EventRounds "10"]
[EventCountry "RUS"]
[SourceTitle "CBM 126 Extra"]
[Source "ChessBase"]
[SourceDate "2008.11.05"]
[SourceVersion "1"]
[SourceVersionDate "2008.11.05"]
[SourceQuality "1"]

1. e4 c5 2. Nf3 g6 3. h4 h5 4. Nc3 Bg7 5. Bc4 Nc6 6. d3 Na5 7. Bb3 Nxb3 8. axb3 d6 9. Be3 Nf6 10. Qd2 b6 11. Bg5 Bb7 12. Nh2 d5 13. f3 dxe4 14. fxe4 Qd7 15. 0-0-0 Ng4 16. Nxg4 Qxg4 17. Rdf1 f6 18. Be3 e5 19. Rf2 0-0-0 20. Qe1 Rd7 21. b4 cxb4 22. Nb5 Ba6 23. Qxb4 Qe6 24. Nc3 Bb7 25. Nb5 Ba6 26. Rhf1 Rf8 27. Nc3 Rff7 28. Nd5 Bb7 29. Qc4+ Qc6 30. Qxc6+ Bxc6 31. Nxf6 Rd8 32. Nh7 Rfd7 33. Ng5 Re8 34. Bd2 Bb5 35. Bc3 Rde7 36. Rf7 Rd7 37. Rxd7 Bxd7 38. Rf7 Bh8 39. Nh7 Kd8 40. Nf8 Bg4 41. Nxg6 1-0

[Event "Vladimir op-A"]
[Site "Vladimir"]
[Date "2008.08.12"]
[Round "1"]
[White "Simonov, Vladimir"]
[Black "Krapivin, Alexander"]
[Result "1/2-1/2"]
[WhiteElo "2301"]
[BlackElo "2471"]
[PlyCount "153"]
[EventDate "2008.08.12"]
[EventType "swiss"]
[EventRounds "10"]
[EventCountry "RUS"]
[SourceTitle "CBM 126 Extra"]
[Source "ChessBase"]
[SourceDate "2008.11.05"]
[SourceVersion "1"]
[SourceVersionDate "2008.11.05"]
[SourceQuality "1"]

1. d4 d5 2. c4 e6 3. Nc3 c6 4. e4 dxe4 5. Nxe4 Bb4+ 6. Nc3 Nf6 7. Nf3 0-0 8. Qc2 b6 9. Bg5 Nbd7 10. 0-0-0 Be7 11. Bd3 h6 12. Bf4 Bb7 13. Qe2 b5 14. c5 Nd5 15. Nxd5 exd5 16. Bc2 Re8 17. Rhe1 Nf8 18. Qd2 Bf6 19. Be5 Bxe5 20. Nxe5 Qc7 21. h4 Bc8 22. g3 a5 23. Re3 Bd7 24. Rde1 a4 25. f4 a3 26. b4 Re7 27. Nf3 Rxe3 28. Rxe3 f6 29. Re7 Re8 30. Qe3 Rxe7 31. Qxe7 Qc8 32. Qe3 Bg4 33. Nd2 Bh5 34. f5 Bg4 35. Qf4 h5 36. Nf1 Be2 37. Ne3 Qe8 38. Kd2 Bc4 39. Nxc4 bxc4 40. Qe3 Qa8 41. Kc3 Qb8 42. Ba4 Qa8 43. Bc2 Qb8 44. Ba4 Qc7 45. Bd1 Qc8 46. Bc2 Qc7 47. Kd2 Qa7 48. Bd1 Qd7 49. Bc2 Qa7 50. Qf3 Qa8 51. Qxh5 Qb8 52. Qf3 Qxb4+ 53. Qc3 Qb8 54. Qxa3 Qc7 55. Ke2 Nd7 56. Kf2 Qb7 57. Qc3 Nb8 58. a3 Na6 59. Ba4 Nc7 60. Qb4 Qc8 61. g4 Na8 62. Qe1 Qb8 63. Bxc6 Qf4+ 64. Kg2 Nc7 65. Qd1 Qe4+ 66. Kf2 Qf4+ 67. Kg2 Qe4+ 68. Kf2 Qf4+ 69. Kg2 g6 70. fxg6 Qe4+ 71. Qf3 Qxd4 72. Qf5 Qd2+ 73. Kf3 Qd1+ 74. Kf2 Qd2+ 75. Kf3 Qd1+ 76. Kf2 Qd2+ 77. Kf3 1/2-1/2